000 00841nam a2200289Ia 4500
003 OSt
005 20221007125512.0
006 a|||||r|||| 00| 0
007 ta
008 221006b |||||||| |||| 00| 0 eng d
020 _a1403910952 (pbk)
024 _a1663
037 _cTextual
040 _aCDL
_cCDL
_beng
041 _2eng
_aeng
082 _aE:218:(C5:3), P3;1 Carc
100 _aRandhawa H.S.
_9722034
245 0 _aModern molecular spectroscopy
260 _aDelhi
_bMacmillan India Ltd.
_c2003
300 _axv, 584p.
_ccm.
500 _aAppendix A-D, 557-574p; Index 581-584p
650 _a Radiation
_9170069
650 _a Spectroscopy
_9479665
650 _aMolecular Structure
_9713791
942 _hE:218:(C5:3), P3;1 Carc
_cTEXL
_2CC
999 _c1215404
_d1215404